Najgorsza potrawa naszego dzieciństwa. - Statystyki

Ogólne statystyki
  • Ten quiz został rozwiązany 11 razy
  • Średni wynik to 1 z 5
Statystyki odpowiedzi
Hint Odpowiedź % Poprawnych
2. Szpinak
50%
5. Wątróbka
40%
1. Grochowa
20%
4. Szczawiowa
10%
3. Mleczna
0%
Nie znaleziono quizów pasujących do podanych kryteriów
Rozkład punktacji
Procent ludzi z każdym wynikiem
Percentyl według liczby udzielonych odpowiedzi
Twoja historia wyników
Nie rozwiązałeś tego quizu